Les prénoms des personnages de BD - Statistiques

Statistiques générales
  • Ce quiz a été pris 70 fois
  • Le résultat moyen est 26 sur 50
Statistiques - réponses
Question Réponse % Correct
M. Talon a pour prénom Achiile
83%
Le capitaine Haddock est prénommé Archibald
83%
Et le petit Brisefer se prénomme... Benoît
83%
M. Lagaffe est prénommé Gaston
83%
Quel prénom n'est pas celui d'un des frères Dalton ? Joseph
83%
Le pilote automobile Vaillant a pour prénom... Michel
83%
Le prénom de M. Parker alias Spiderman est Peter
83%
M. Hochet est prénommé Ric
83%
Comment se prénomme LA Castafiore ? Bianca
67%
Le petit Fricotin est surnommé Bibi
67%
M. Morane est prénommé Bob
67%
Le prénom de M. Kent alias Superman est Clark
67%
M. Maltese se prénomme... Corto
67%
Wonder woman a pour pseudonyme Prince, mais quel est son prénom ? Diana
67%
Quel surnom n'est pas celui d'un des pieds nickelés ? Fantomard
67%
Le capitaine Blake a pour prénom... Francis
67%
Le détective Jourdan a pour prénom Gilbert dit Gil
67%
M. Luke a pour prénom Lucky
67%
Ce fut le premier prénom d'une célèbre souris... Mortimer
67%
Le détective Burma est appelé... Nestor
67%
Le Pr Mortimer se prénomme Philip
67%
Mlle Blanc-Sec a pour prénom Adèle
50%
L'ennemi juré de Lefranc est nommé Borg mais quel est son prénom Axel
50%
Le colonel Danny est prénommé Buck
50%
Le pilote Laverdure se prénomme Ernest
50%
Le détective Palmer est prénommé Jack
50%
Le marshall Spring a pour prénom Jerry
50%
Le capitaine Tumbler, dit Tumb, se prénomme... Jerry
50%
Le chef de Lagaffe, M. Prunelle a pour prénom Léon
50%
Et M. Tombal, il se prénomme... Pierre
50%
Mme Bidochon répond au doux prénom de ... Raymonde
50%
M. Bidochon a pour prénom... Robert
50%
Quel est le prénom du méchant Rastapopoulos ? Roberto
50%
Le capitaine Tucson a pour prénom... Sonny
50%
Le chevalier du Walburge a un prénom rare... Ardent
33%
Que son maître Léonard l'appelle Lebête ou Landouye, il ne change pas son beau prénom de... Basile
33%
La mère de Boule se prénomme Carine
33%
Le sapeur Camembert a comme prénom François
33%
Le journaliste Lefranc se prénomme Guy
33%
Le colonel Clifton a comme prénom Harold
33%
Le pilote Tanguy se prénomme Michel
33%
L'officier Blueberry a pour prénom Mike
33%
Quel prénom n'est pas celui d'un des 4 as ? Oscar
33%
Le commissaire Bourdon est prénommé Sigismond
33%
M. Gracchus est prénommé Alix
17%
Mlle Laboirnez répond au prénom de... Annaïk
17%
Le trappeur Cartland est prénommé Jonathan
17%
Quick et Flupke sont les traduction eb brusseleer de deux prénoms bien connus, lesquels ? Patrick et Philippe
17%
Le père de Boule se prénomme Pierre
17%
L'Italien Baglioni est prénommé Vasco
0%
Aucun quiz correspondant
Distribution des résultats
% des personnes avec chaque résultat
Percentile par nombre de réponses
Votre historique - résultats
Vous n’avez pas pris ce quiz